000 00832nas a2200277 4500
001 BR7800840
003 BR-BrBNA
005 20231205083329.0
007 ta
008 230509b bl.|||p| |||| 00| 00por d
040 _aBR-BrBNA
_bpor
_cBiblioteca Nacional de Agricultura
041 _a(Pt)
072 _aF25
100 1 _aCavalcanti, F.J. de A.
100 1 _aMello, F. de A.F. de M.
245 1 _aFixacao percentual do fosforo por solos da regiao de Piracicaba [Sao Paulo, Brasil]
650 _aFERTILIDADE DO SOLO
650 _aSOLO
650 _aFIXACAO DE FOSFORO
650 _aFOSFORO
650 _aPIRACICABA
650 _aSAO PAULO
773 0 _tRevista de Agricultura (Brazil)
_xISSN 0034-7655
_g(Oct 1977), v. 52(2-3) p. 93-103
_wBR7800840
909 _a202311
_bLúcia
_c55
_dLúcia Elande
942 _2AGRIS
_n0
_cANA
999 _c98034
_d98034